000 00554nam a2200181 i 4500
001 9761
003 ES-MaACL
005 20230906145742.0
007 t|
008 940104s1932 xxu ||||1| eng d
080 _a92 Pizarro, Francisco
100 1 _aShay, Frank.
_9106038
245 1 0 _aIncredible Pizarro
_b: conqueror of Peru /
_cby Frank Shay.
260 _aNew York :
_bThe Mohawk Press,
_c1932.
300 _aVIII, 342 p., [15] h. de lám. ;
_c23 cm.
600 1 4 _aPizarro, Francisco-
_xBiografías.
_992445
852 _aES-MaACL
_jL-17242
_bR.119516
999 _c9761
_d9761